000 00420cam a22001337a 4500
008 180718b1982 xxu||||| |||| 00| 0 eng d
082 _aA6x54 P192
100 _aPandit, H.N.
245 _aFragments of history: India's freedom movement and after
_cby H.N. Pandit
260 _aNew Delhi
_bSterling
_c1982
300 _a299p.
650 _aIndia - History
650 _aIndia - History - Autonomy and independence movements
999 _c491979
_d491979